[Event "Copenhagen Ch"]
[Site "Copenhagen"]
[Date "2004.10.10"]
[Round "2"]
[White "Thestrup, Sixten"]
[Black "Joensen, Hjalmar"]
[Result "1-0"]
[WhiteElo "1906"]
[BlackElo "1388"]
[PlyCount "35"]
[EventDate "2004.??.??"]
[EventType "swiss"]
[EventRounds "9"]
[EventCountry "DEN"]

1. e4 c5 2. Nc3 d6 3. f4 Nc6 4. Nf3 Nf6 5. Bb5 Bd7 6. O-O g6 7. Bxc6 Bxc6 8. d3
Qb6 9. e5 Nd7 10. exd6 exd6 11. Re1+ Kd8 12. Ng5 Kc7 13. Nxf7 Rg8 14. Ng5 Rc8
15. a4 a6 16. a5 Qb4 17. Ra4 Bxa4 18. Nd5+ 1-0

[Event "Copenhagen Ch"]
[Site "Copenhagen"]
[Date "2004.10.15"]
[Round "7"]
[White "Thestrup, Sixten"]
[Black "Jensen, Soren"]
[Result "0-1"]
[WhiteElo "1906"]
[BlackElo "2047"]
[PlyCount "130"]
[EventDate "2004.??.??"]
[EventType "swiss"]
[EventRounds "9"]
[EventCountry "DEN"]

1. e4 c5 2. Nc3 Nc6 3. f4 g6 4. Nf3 Bg7 5. Bb5 Qb6 6. Nd5 Qa5 7. Bxc6 bxc6 8.
Nc3 d6 9. O-O Ba6 10. Re1 e6 11. e5 d5 12. d4 cxd4 13. Nxd4 Ne7 14. f5 Nxf5 15.
Nxf5 exf5 16. Bg5 O-O 17. Bf6 Bxf6 18. exf6 Qd8 19. Qd4 Qb6 20. Qxb6 axb6 21.
Re7 Rfe8 22. Rae1 Rxe7 23. Rxe7 h5 24. Na4 Rb8 25. Ra7 Bb5 26. Nc3 Bc4 27. b3
d4 28. bxc4 dxc3 29. Ra3 Rd8 30. Rxc3 Rd6 31. c5 bxc5 32. Rxc5 Rxf6 33. a4 Rd6
34. a5 Rd1+ 35. Kf2 Ra1 36. h4 Kf8 37. g3 Ke7 38. Rxc6 Rxa5 39. Rc7+ Ke6 40.
Kg2 Rd5 41. Kf3 Rd7 42. Rc6+ Ke5 43. Rc5+ Kd6 44. Rc3 Rc7 45. Rd3+ Ke5 46. Re3+
Kf6 47. c3 Rc4 48. Rd3 Ke5 49. Re3+ Re4 50. Rd3 f4 51. g4 hxg4+ 52. Kxg4 Re1
53. Rd7 Rg1+ 54. Kf3 Rg3+ 55. Kf2 f6 56. Rc7 Rh3 57. Rc5+ Kd6 58. Rc8 Rxh4 59.
Kf3 g5 60. Rf8 Ke6 61. Re8+ Kf5 62. Rc8 g4+ 63. Kg2 f3+ 64. Kg1 Kf4 65. Rc4+
Kg3 0-1